000 00389pab a2200157 454500
008 180718b1995 xxu||||| |||| 00| 0 eng d
100 _aDas Gupta, Gurudas
245 _aOminous signs
_bno recovery after reforms.
260 _c1995
300 _ap.8
362 _a25 Nov
650 _aEconomic development
650 _aIndia - Economic policy
773 _aStatesman
909 _a30500
999 _c30500
_d30500